01929nam a22001577a 4500999001900000008004100019100002700060245009700087260002100184300003200205520137700237773002101614906002201635942000701657952010701664 c516254d516254210220b ||||| |||| 00| 0 eng d aTerry, April N.924292 aThe architecture of rural life: The dangers of dense collective efficacy for at‐risk girls aRural Sociology  a85(3), Sep, 2020: p.780-805 aDense ties and acquaintanceship result in small communities that deal with issues on an individual, informal basis. When issues such as sexual assault arise, if a victim is willing to seek services, studies have found that rurality negatively impedes on this process. The current study takes place in a primarily rural state, representing social control mechanisms somewhat different from cityscapes. The project relies heavily on in‐depth interviews from incarcerated girls and women, as well as contributions from community actors, to assess collective efficacy in rural communities, influence of gender dynamics, and the impact on at‐risk girls. Tracing participants' community roots, the study gathers structural and cultural characteristics of the locale, assessing social control practices as reported by local professionals. Results challenge literature proclaiming solely positive results from high levels of collective efficacy, finding that strong collective efficacy in nonurban areas gathers close insider ties, but “outsiders,” which includes girls identified in this research, are defined quickly and negatively, placing them in significant peril. Policy recommendations include broader cultural shifts coupled with local involvement with school personnel and church‐involved patrons serving the needs of families and at‐risk girls. - Reproduced  aRural Sociology  aRURAL DEVELOPMENT cAR 00102ddc40709390346aIIPAbIIPAd2021-02-20h85(3), Sep, 2020: p.780-805pAR124350r2021-02-20yAR